00324nam a2200121Ia 45000010005000000080041000050200018000460400013000640820019000771000029000962450070001255460007001959151140326s9999 xx 000 0 und d a0-7188-2918-2 cPK-LaUMT aR 220.03bLUT- aMills, Watson E., G. Ed. 4aThe lutterworth dictionary of the BiblecMills, Watson E., G. Ed. aEN